000 00374nam a22001457a 4500
005 20170406104947.0
008 170406b xxu||||| |||| 00| 0 eng d
020 _a81-89422-42-1
041 _aeng
100 _aKURIAN, ALICE AND SANKAR, M. ASHA
_93834
245 _aMEDICINAL PLANTS
260 _aNEW DELHI
_bNEW INDIA PUBLISHING AGENCY
_c2007
300 _a356
942 _cBK
999 _c5430
_d5428